000 00586nam a22001937a 4500
003 LK-CoMWRAF
005 20231201110839.0
008 231014b2002 |||||||| |||| 00| 0 eng d
020 _a9552060982
040 _aLK-CoMWRAF
_dLK-CoMWRAF
_eLK-CoMWRAF
041 _asin
082 _a891.483
_bKAS
100 _aකාසිම්. නිලාර් එන්.
245 _aඅර් ධ දරුවා
246 _aArdha daruwa
260 _aකොළඹ :
_bනිලාර් එන්. කාසිම්
_c2002
650 _aසිංහල කෙටිකතා
942 _cBK
999 _c3876
_d3876